Music Quiz

Random Music or Song Quiz

Billboard's Sexiest Songs Quiz Stats

 Plays Quiz Retired Jul 7, 2021

     
Support Sporcle.
Go Orange.
Score 0/50 Timer 15:00
0 Plays Today
Artist Song % Correct
MadonnaLike A Virgin
58.3%
Olivia Newton-JohnPhysical
57.9%
Marvin GayeLet's Get It On
47.9%
Marvin GayeSexual Healing
34.4%
Nelly Furtado feat. TimbalandPromiscuous
34.2%
Boyz II MenI'll Make Love To You
33.4%
Rod StewartDa Ya Think I'm Sexy
32.5%
50 Cent feat. OliviaCandy Shop
31.4%
Lil WayneLollipop
29.5%
Def LeppardPour Some Sugar On Me
27.1%
Akon feat. EminemSmack That
22.6%
R. KellyIgnition
22.2%
Starland Vocal BandAfternoon Delight
21.7%
Usher feat. Young JeezyLove In This Club
19.7%
Donna SummerHot Stuff
16.2%
Missy 'Misdemeanor' ElliottWork It
15.4%
Tone-LocWild Thing
15.3%
George MichaelI Want Your Sex
15.1%
Peter GabrielSledgehammer
13.5%
Color Me BaddI Want To Sex You Up
12.7%
Ray J & Yung BergSexy Can I
10.9%
Cyndi LauperShe Bop
10.8%
NextToo Close
10.7%
Rod StewartTonight's The Night
10.2%
LabelleLady Marmalade
10.1%
Artist Song % Correct
Anita WardRing My Bell
10.1%
CassieMe & U
8.7%
R. KellyBump N' Grind
8.4%
Donna SummerLove To Love You Baby
7.9%
Donna SummerBad Girls
7.5%
HeartAll I Want To Do Is Make Love To You
6.9%
Captain & TennilleDo That To Me One More Time
6%
Juvenile feat. Soulja SlimSlow Motion
6%
PrinceRaspberry Beret
5.8%
ExileKiss You All Over
5.6%
Bell Biv DevoeDo Me!
5%
Pointer SistersSlow Hand
4.9%
PoisonUnskinny Bop
4.6%
The Rolling StonesHonky Tonk Women
3.8%
Gregory AbbottShake You Down
3.8%
SilkFreak Me
3.8%
ForeignerUrgent
3.7%
Toni BraxtonYou're Makin' Me High
3.5%
Adina HowardFreak Like Me
3.2%
Roberta FlackFeel Like Makin' Love
2.6%
Johnny GillRub You The Right Way
2.3%
MonicaThe First Night
2.1%
Karyn WhiteRomantic
1.6%
Donna SummerDim All The Lights
1.6%
SylviaPillow Talk
1.5%

From the Vault

Highest Rated Shows (1950-2015)

by rockgolf

There was much less reality in the '50s.
Remove Ads.
Support Sporcle.
Get the best of Sporcle when you Go Orange. This ad-free experience offers more features, more stats, and more fun while also helping to support Sporcle. Thank you for becoming a member.

Show Comments

Extras

Top Quizzes Today


Score Distribution

Your Account Isn't Verified!

In order to create a playlist on Sporcle, you need to verify the email address you used during registration. Go to your Sporcle Settings to finish the process.

Report this User

Report this user for behavior that violates our Community Guidelines.

Details: